ბათუმის შოთა რუსთაველის სახელმწიფო უნივერსიტეტის ბიბლიოთეკა

საერთაშორისო სტუდენტური ოლიმპიადა ეროვნულ და შედარებით კონსტიტუციურ სამართალში = International student's olympiad in national and comparative constitutional law = Международная студенческая олимпиада по национальному и сравнительному конституционному праву : (ბიბ.ჩანაწერი № 37680)

000 -ლიდერი
ფიქსირებული სიგრძის საკონტროლო ველი 01483nam a2200241Ia 4500
001 - საკონტროლო ნომერი
საკონტროლო ველი 3652
003 - საკონტროლო ნომრის იდენტიფიკატორი
საკონტროლო ველი GE_BSU
005 - ბოლო ოპერაციის თარიღი და დრო
საკონტროლო ველი 20190625212051.0
008 - ფიქსირებული სიგრძის მონაცემთა ელემენტები - ზოგადი ინფორმაცია
ფიქსირებული სიგრძის საკონტროლო ველი 181216s2011||||ge |||||||||||||| ||geo||
040 ## - კატალოგიზაციის წყარო
Transcribing agency GE_BSU
041 ## - ენის კოდი
Language code of text/sound track or separate title geo
080 ## - უნივერსალური ათობითი კლასიფიკაციის ინდექსი
Universal Decimal Classification number 342.4 ს–15
245 ## - ცნობა სათაურის შესახებ
Title საერთაშორისო სტუდენტური ოლიმპიადა ეროვნულ და შედარებით კონსტიტუციურ სამართალში = International student's olympiad in national and comparative constitutional law = Международная студенческая олимпиада по национальному и сравнительному конституционному праву :
Remainder of title სტატიათა კრებული /
Statement of responsibility, etc რედ. მალხაზ ნაკაშიძე.
264 ## - წარმოების, გამოცემის, დისტრიბუციის და სხვა ცნობები
გამოცემის, წარმოების, დისტრიბუციის... ადგილი ბათუმი :
გამოცემის, წარმოების, დისტრიბუციის... სახელწოდება შპს "GAMAprint"-ის სტ.,
გამოცემის, წარმოების, დისტრიბუციის... თარიღი 2011.
300 ## - ფიზიკური აღწერა
Extent 311 გვ.;
Other physical details 20 სმ.
504 ## - BIBLIOGRAPHY, ETC. NOTE
Bibliography, etc ბიბლიოგრ. ტექსტის შენიშვნ.
653 ## - INDEX TERM--UNCONTROLLED
Uncontrolled term კონსტიტუციური სამართალი
700 ## - ADDED ENTRY--PERSONAL NAME
Personal name ჰასანოვა, არზუ
9 (RLIN) 2933
700 ## - ADDED ENTRY--PERSONAL NAME
Personal name დემირჩიანი, გაიანე
9 (RLIN) 2934
700 ## - ADDED ENTRY--PERSONAL NAME
Personal name იაზიჩი, ჰილალ და სხვ.
9 (RLIN) 2935
700 ## - ADDED ENTRY--PERSONAL NAME
Personal name ნაკაშიძე, მალხაზ
Relator term რედაქტორი
9 (RLIN) 2936
942 ## - ADDED ENTRY ELEMENTS (KOHA)
Koha item type წიგნი
Source of classification or shelving scheme
ეგზემპლარები
ჩამოწერის სტატუსი დაკარგული ეგზემპლარის სტატუსი კლასიფიკაციის წყარო ან თაროზე გაწყობის სქემა დაზიანების სტატუსი არ გაიცემა მუდმივი მდებარეობა (დაცვის ადგილი) ამჟამინდელი ადგილსამყოფელი თაროზე განთავსების ადგილი შეძენის თარიღი სრული შენახვის შიფრი შტრიხკოდი ბოლო ოპერაციის თარიღი ეგზემპლარის მიმდევრობითი ნომერი (კეტერი?) ფასის ძალაში შესვლის თარიღი ეგზემპლარის სახეობა საჯარო შენიშვნა
          ბათუმის შოთა რუსთაველის სახელმწიფო უნივერსიტეტის მთავარი ბიბლიოთეკა ბათუმის შოთა რუსთაველის სახელმწიფო უნივერსიტეტის მთავარი ბიბლიოთეკა წიგნსაცავი 2018-12-17 342.4 ს–15 5176 2018-12-17 5176 2018-12-17 წიგნი
          ბათუმის შოთა რუსთაველის სახელმწიფო უნივერსიტეტის მთავარი ბიბლიოთეკა ბათუმის შოთა რუსთაველის სახელმწიფო უნივერსიტეტის მთავარი ბიბლიოთეკა წიგნსაცავი 2018-12-17 342.4 ს–15 5177 2018-12-17 5177 2018-12-17 წიგნი
          ბათუმის შოთა რუსთაველის სახელმწიფო უნივერსიტეტის მთავარი ბიბლიოთეკა ბათუმის შოთა რუსთაველის სახელმწიფო უნივერსიტეტის მთავარი ბიბლიოთეკა წიგნსაცავი 2018-12-17 342.4 ს–15 5178 2018-12-17 5178 2018-12-17 წიგნი
          ბათუმის შოთა რუსთაველის სახელმწიფო უნივერსიტეტის მთავარი ბიბლიოთეკა ბათუმის შოთა რუსთაველის სახელმწიფო უნივერსიტეტის მთავარი ბიბლიოთეკა წიგნსაცავი 2018-12-17 342.4 ს–15 5179 2018-12-17 5179 2018-12-17 წიგნი